000 00572nam a2200193 a 4500
005 20240910064039.0
008 100215s2006 mx r 000 0 spa d
020 _a9789681681333
035 _aUPN01000174732
049 _aCG
050 4 _aJF1355
_bA3.3
100 1 _aAguilar Villanueva, Luis Fernando,
_d1938-
_928290
245 1 0 _aGobernanza y gestión pública /
_cLuis F. Aguilar Villanueva.
260 _aMéxico :
_bFCE,
_cc2006.
300 _a500 p.
440 0 _aObras de administración pública
650 4 _aAdministración pública
_9637
905 _aLibro
999 _c146836
_d146836